LEADER 03947nam 22009615 450 001 996308800503316 005 20190615120916.0 010 $a3-8394-0130-5 024 7 $a10.14361/9783839401309 035 $a(CKB)3710000000482552 035 $a(DE-B1597)461401 035 $a(OCoLC)1013941779 035 $a(OCoLC)958037624 035 $a(DE-B1597)9783839401309 035 $a(EXLCZ)993710000000482552 100 $a20190615d2015 fg 101 0 $ager 135 $aur||||||||||| 181 $ctxt$2rdacontent 182 $cc$2rdamedia 183 $acr$2rdacarrier 200 10$aMuslime im säkularen Rechtsstaat $eIntegrationschancen durch Religionsfreiheit /$fHeiner Bielefeldt 205 $a1. Aufl. 210 1$aBielefeld : $ctranscript-Verlag, $d[2015] 210 4$d©2003 215 $a1 online resource 225 0 $aGlobaler lokaler Islam 327 $tFrontmatter -- $tInhalt -- $tI. Einführung -- $tII. Zur Bestimmung der rechtsstaatlichen Säkularität -- $tIII. Antiliberale Säkularitätskonzepte -- $tIV Muslimische Stimmen zum säkularen Rechtsstaat -- $tV. Streitfragen zur Integration muslimischer Minderheiten -- $tVI. Resümee -- $tVII. Literatur -- $tBackmatter 330 $aIn der Auseinandersetzung um die Präsenz des Islams in Deutschland und anderen europäischen Ländern steht immer auch die Frage zur Debatte, wie Muslime sich zum säkularen Staat verhalten. Auf der Grundlage der Religionsfreiheit rekonstruiert Heiner Bielefeldt zunächst einen freiheitlichen Begriff von rechtsstaatlicher Säkularität. Anschließend diskutiert er verschiedene muslimische Positionen gegenüber dem säkularen Staat, die von kämpferischer Distanzierung über pragmatische Arrangements in der Diaspora bis hin zu theologisch begründeten SäkularisierungsÝ forderungen reichen.Zu den aktuellen Themen, die der Band aufgreift, gehören die Frage, inwieweit Muslime im Rahmen des Grundgesetzes nach der Scharia leben können, sowie die Kontroverse um den islamischen Religionsunterricht. 606 $aHuman Rights 606 $aIslam In Europa 606 $aIslam 606 $aIslamic Studies 606 $aIslamwissenschaft 606 $aMenschenrechte 606 $aMigration 606 $aPolicy 606 $aPolitical Science 606 $aPolitics 606 $aPolitik 606 $aPolitikwissenschaft 606 $aReligionsfreiheit 606 $aSäkularität 606 $3(DE-601)105628948$3(DE-588)4140292-3$aReligiöse Minderheit$2gnd 606 $3(DE-601)105711691$3(DE-588)4129195-5$aRechtsstaat$2gnd 606 $3(DE-601)105742090$3(DE-588)4125186-6$aReligionsfreiheit$2gnd 606 $3(DE-601)106178008$3(DE-588)4051238-1$aSäkularisierung$2gnd 606 $3(DE-601)106221205$3(DE-588)4040921-1$aMuslim$2gnd 606 $aPOLITICAL SCIENCE / Public Policy / General$2bisacsh 610 $aHuman Rights. 610 $aIslam. 610 $aIslamic Studies. 610 $aPolicy. 610 $aPolitical Science. 610 $aPolitics. 615 4$aHuman Rights. 615 4$aIslam In Europa. 615 4$aIslam. 615 4$aIslamic Studies. 615 4$aIslamwissenschaft. 615 4$aMenschenrechte. 615 4$aMigration. 615 4$aPolicy. 615 4$aPolitical Science. 615 4$aPolitics. 615 4$aPolitik. 615 4$aPolitikwissenschaft. 615 4$aReligionsfreiheit. 615 4$aSäkularität. 615 7$aReligiöse Minderheit 615 7$aRechtsstaat 615 7$aReligionsfreiheit 615 7$aSäkularisierung 615 7$aMuslim 615 7$aPOLITICAL SCIENCE / Public Policy / General. 686 $aBE 8607$2rvk 700 $aBielefeldt$b Heiner, $0241967 801 0$bDE-B1597 801 1$bDE-B1597 906 $aBOOK 912 $a996308800503316 996 $aMuslime im säkularen Rechtsstaat$91928893 997 $aUNISA LEADER 02215nam0 22004453i 450 001 VAN00187564 005 20240806101120.980 017 70$2N$a9783319449067 100 $a20210719d2017 |0itac50 ba 101 $aeng 102 $aCH 105 $a|||| ||||| 200 1 $aGroup Representation for Quantum Theory$fMasahito Hayashi 210 $aCham$cSpringer$d2017 215 $axxviii, 338 p.$cill.$d24 cm 500 1$3VAN00187565$aRy?shi-ron no tame no hy?gen-ron$92585101 606 $a00A79 (77-XX)$xPhysics [MSC 2020]$3VANC023182$2MF 606 $a17B81$xApplications of Lie (super)algebras to physics, etc. [MSC 2020]$3VANC032324$2MF 606 $a20C35$xApplications of group representations to physics and other areas of science [MSC 2020]$3VANC023222$2MF 606 $a22E70$xApplications of Lie groups to physics; explicit representations [MSC 2020]$3VANC022912$2MF 606 $a81-XX$xQuantum theory [MSC 2020]$3VANC019967$2MF 606 $a81P40$xQuantum coherence, entanglement, quantum correlations [MSC 2020]$3VANC033805$2MF 606 $a81R05$xFinite-dimensional groups and algebras motivated by physics and their representations [MSC 2020]$3VANC036160$2MF 610 $aDiscrete Heisenberg Representation$9KW:K 610 $aDiscrete Symplectic Group$9KW:K 610 $aInformation Quantities in Quantum System$9KW:K 610 $aMulti-mode Bosonic System$9KW:K 610 $aSkew Hermitian Representation$9KW:K 610 $aSpecial Unitary Group$9KW:K 610 $aState Reduction by Quantum Measurements$9KW:K 620 $aCH$dCham$3VANL001889 700 1$aHayashi$bMasahito$3VANV107122$0817794 801 $aIT$bSOL$c20241115$gRICA 856 4 $uhttp://doi.org/10.1007/978-3-319-44906-7$zE-book ? Accesso al full-text attraverso riconoscimento IP di Ateneo, proxy e/o Shibboleth 899 $aBIBLIOTECA DEL DIPARTIMENTO DI MATEMATICA E FISICA$1IT-CE0120$2VAN08 912 $fN 912 $aVAN00187564 950 $aBIBLIOTECA DEL DIPARTIMENTO DI MATEMATICA E FISICA$d08DLOAD e-book 3138 $e08eMF3138 20210719 996 $aRy?shi-ron no tame no hy?gen-ron$92585101 997 $aUNICAMPANIA